Aldo Clementi (4) (Record n. 100368)

Dettagli MARC
000 -LEADER
fixed length control field 01264njm a2200313Ia 4500
001 - CONTROL NUMBER
control field 20454
003 - CONTROL NUMBER IDENTIFIER
control field IT-RoPAU
005 - DATE AND TIME OF LATEST TRANSACTION
control field 20220918181128.0
008 - FIXED-LENGTH DATA ELEMENTS--GENERAL INFORMATION
fixed length control field 131025s9999 xx 000 0 und d
040 ## - CATALOGING SOURCE
Original cataloging agency IT-RoPAU
040 ## - CATALOGING SOURCE
Transcribing agency IT-RoPAU
999 ## - SYSTEM CONTROL NUMBERS (KOHA)
Koha Dewey Subclass [OBSOLETE] n.d.
100 ## - MAIN ENTRY--PERSONAL NAME
Personal name Clementi Aldo
9 (RLIN) 1663
100 ## - MAIN ENTRY--PERSONAL NAME
Relator term Autore musica
9 (RLIN) 1664
100 ## - MAIN ENTRY--PERSONAL NAME
Miscellaneous information Codice autore musica SPICS: 7968
9 (RLIN) 1665
245 ## - TITLE STATEMENT
Title Aldo Clementi (4)
250 ## - EDITION STATEMENT
Edition statement 1a ed.
260 ## - PUBLICATION, DISTRIBUTION, ETC. (IMPRINT)
Place of publication, distribution, etc. ROMA
260 ## - PUBLICATION, DISTRIBUTION, ETC. (IMPRINT)
Name of publisher, distributor, etc. SPICS RECORDS
Date of publication, distribution, etc. 1982 [1a Ed.:1982]
300 ## - PHYSICAL DESCRIPTION
Extent MUSICASSETTA
500 ## - GENERAL NOTE
General note Musica strumentale
505 ## - FORMATTED CONTENTS NOTE
Formatted contents note Alleluia (variazioni sul corale) - Sette scene per orchestra da camera da "Collage" - Esercizio-Trio di Como - Informel II per 16 strumenti - Concerto per orchestra di strumenti a fiato e due pianoforti - Quattro quartetti vocali op. 92 - Cent soupirs
511 ## - PARTICIPANT OR PERFORMER NOTE
Participant or performer note Orchestra Sinfonica di Roma della Rai diretta da Clementi Aldo
511 ## - PARTICIPANT OR PERFORMER NOTE
Participant or performer note Orchestra Scarlatti di Napoli diretta da Panni Marcello
511 ## - PARTICIPANT OR PERFORMER NOTE
Participant or performer note Orchestra Sinfonica della Rai diretta da Panni Marcello
650 ## - SUBJECT ADDED ENTRY--TOPICAL TERM
Topical term or geographic name as entry element STRUMENTALE [CASSETTE]
Relator term Codice MATERIA SPICS: 9951
9 (RLIN) 1218
700 ## - ADDED ENTRY--PERSONAL NAME
Personal name Brahms Johannes
Dates associated with a name Codice autore SPICS: 8867
Relator term Autore
Name of part/section of a work Quattro quartetti vocali op. 92
9 (RLIN) 1666
942 ## - ADDED ENTRY ELEMENTS (KOHA)
Koha item type MUSICASSETTE
Source of classification or shelving scheme Dewey Decimal Classification
Dati di copia
Withdrawn status Lost status Damaged status Not for loan Home library Current library Date acquired Total Checkouts Full call number Date last seen Price effective from Koha item type Public note
    Buone Condizioni Not For Loan SPICS-MEDIATECA SPICS-MEDIATECA 25/10/2013   20454 25/10/2013 25/10/2013 MUSICASSETTE Progr. Ins.: 3762 / N.Vol.: 1 / Copie: 1 - Copia rara: n.d. / date import: 01.01.2014 - By Epidotti, Trombetti, Vaglietti
CREDITS: SOCIETA' SAN PAOLO Via A.Severo, 58 - ROMA (RM) & PERIODICI SAN PAOLO SRL Via Giotto, 36 MILANO & CISF Via Giotto, 36 MILANO & EDIZIONI SAN PAOLO SRL,  Piazza Soncino, 5 CINISELLO BALSAMO (MI) -- ITALY